Potentials for integration in oil palm plantations. (Registro nro. 26576)

Detalles MARC
000 -ENCABEZADO
Número de control [NR] 02683nam a22003497i 4500
001 - NÚMERO DE CONTROL
control field B-12604
003 - IDENTIFICADOR DE CONTROL NÚMERO
control field CO-BoFNCP
007 - CAMPO DESCRIPCIÓN FÍSICA FIJA - INFORMACIÓN GENERAL
fixed length control field t||
008 - DE LONGITUD FIJA DE DATOS DE ELEMENTOS - INFORMACIÓN GENERAL
Elementos de longitud fija [NR] 090928s2008 my r eng d
040 ## - FUENTE DE CATALOGACION [NR]
Agencia de catalogación original [NR] CO-BoFNCP
Idioma de catalogación [NR] Español
Quien Cataloga CO-BoFNCP
Convenciones de la descripción [NR] rda
041 ## - CODIGO DE IDIOMA [R]
Código de idioma para texto/pista de sonido o título separado [R] Inglés
043 ## - CODIGO DE AREA GEOGRAFICA [NR]
Código de área geográfica [R] my
084 ## - OTRO NUMERO DE CLASIFICACION [R]
Número clasificador [R] A-
100 1# - ASIENTO PRINCIPAL--NOMBRE PERSONAL [NR]
Nombre personal [NR] Suboh, Ismail
ID Autoridad 41294,
Término relacionador [R] autor.
Relator code aut
245 10 - MENCION DE TITULO [NR]
Título [NR] Potentials for integration in oil palm plantations.
264 #4 - PRODUCCIÓN, PUBLICACIÓN, DISTRIBUCIÓN, FABRICACIÓN Y COPYRIGHT
Fecha de producción, publicación, distribución, fabricación o copyright ©2008
300 ## - DESCRIPCION FISICA [R]
Extensión [R] páginas 303-319 :
Otros detalles físicos [NR] Tablas, gráficos.
336 ## - TIPO DE CONTENIDO
Término de tipo de contenido texto
Código de tipo de contenido txt
Fuente rdacontent
337 ## - TIPO DE MEDIO
Nombre/término del tipo de medio sin mediación
Código del tipo de medio n
Fuente rdamedia
338 ## - TIPO DE SOPORTE
Nombre/término del tipo de soporte volumen
Código del tipo de soporte nc
Fuente rdacarrier
504 ## - NOTA DE BIBLIOGRAFIA, ETC. [R]
Nota de bibliografía, etc. [NR] Incluye referencias bibliográficas.
520 ## - NOTA DE RESUMEN, ETC. [R]
Nota de sumario, etc. [NR] Crops and livestock integration with oil palm is one of the thrust areas in the Malaysian Palm Oil Board's (MPOB) research programmes as outlined in its strategic plan. It is in line with ensuring the hihg income strategy as envisaged by MPOB and the national aspiration to achieve self-sufficiency in food production. Integration of crops or livestock with oil palm is possible since sunlight can penetrate the oil palm canopy especially during the immature stage enabling other crops to be grown between rows of oil palm. At the mature stage, some light still can penetrate to the ground and allow several types of vegetation/weeds to grow which can be used as forage for livestock. The integration of crops and livestock generates additional income to the oil palm growers and improves productivity of the land. Various studies have shown that several cash crops are capable of generating additional income of between RM175-RM870 per hectare per month when integrated with oil palm. To be feasible and economically viable, suitable crops or livestock and their production systems need to be well established. Crops integration is limited to the first two years of oil palm planting. To extend the integration further, oil palm is planted in double avenue planting system. This planting system allows higher light penetration and provides wider space between two palm avenues. Observations have shown that in a field of five-year oil palm, there is still about 25-30 percent of the area available for cultivation of crops. Early results indicate that the oil palm yield in double avenue is comparable to that planted using the conventional triangular system.
650 #0 - ASIENTO SECUNDARIO DE MATERIA - TERMINO TEMATICO [R]
Término temático o nombre geográfico como elemento de entrada [NR] Cultivo.
9 (RLIN) 7424
650 #0 - ASIENTO SECUNDARIO DE MATERIA - TERMINO TEMATICO [R]
Término temático o nombre geográfico como elemento de entrada [NR] Sistema integrado
9 (RLIN) 35705.
650 #0 - ASIENTO SECUNDARIO DE MATERIA - TERMINO TEMATICO [R]
Término temático o nombre geográfico como elemento de entrada [NR] Palma de aceite
9 (RLIN) 37678.
700 1# - ASIENTO SECUNDARIO - NOMBRE PERSONAL [R]
Nombre personal [NR] Kamil, Azmi Tohiran
9 (RLIN) 41292.
700 1# - ASIENTO SECUNDARIO - NOMBRE PERSONAL [R]
Nombre personal [NR] Raja Zulkifli, Raja Omar
9 (RLIN) 41293.
773 0# - ASIENTO DEL ITEM FUENTE [R]
Asiento principal [NR] The Planter (Malasia)
Información sobre la relación [R] v. 84, no. 986 (2008), p.303-319
Número de control del registro [R] A-
Número Internacional Normalizado para Publicaciones Seriadas - ISSN [NR] 0126-575x
942 ## - ELEMENTOS DE ENTRADA AGREGADOS (KOHA)
Sistema de clasificación Local
Tipo de ítem principal el descrito en 300a Artículo
999 ## - NÚMEROS DE SISTEMAS DE CONTROL (KOHA)
Koha biblionumber 26576
999 ## - NÚMEROS DE SISTEMAS DE CONTROL (KOHA)
Registro cosechable Si
Existencias
Estado de retiro (OPAC) Perdido Sistema de clasificación Dañado No prestable Ubicación habitual Ubicación actual Fecha de creación Total préstamos Signatura topográfica Código de barras Última vez visto Ejemplar Price effective from Tipo de ítem
    Local     1 - CID Palmero Bogotá 1 - CID Palmero Bogotá 10/21/2013   A- R-12604 10/21/2013 Ej. 1 10/21/2013 Artículo